| 000 | 00539nam a22001697a 4500 | ||
|---|---|---|---|
| 999 |
_c7972 _d7972 |
||
| 003 | GBCCL | ||
| 005 | 20241126110640.0 | ||
| 008 | 181122b ||||| |||| 00| 0 eng d | ||
| 040 | _cGBC | ||
| 082 |
_aARCH GBC-2007 _bGUI |
||
| 100 |
_aGuite, Tualzakam _913912 |
||
| 245 |
_aA Critical Evaluation on the Doctrine of Baptismal Regeneration | _cTualzakam Guite |
||
| 260 |
_aNew Lamka: _bGrace Bible College, _c2007 |
||
| 300 |
_avii + 59 p.; _c21 x 29 cm. |
||
| 650 |
_aBaptisma _vDoctrine _vRegeneration _xChristianity _913913 |
||
| 942 |
_2ddc _cTH |
||